Obálka Náhled e-knihy:
Epub
Pro půjčování e-knih musíte být přihlášeni.
Jak si půjčit online?

Rodinný hotel. Bouřlivá doba /

Druhý díl rozsáhlé ságy o hoteliérské rodině Kuhlmannových v německých lázních Heiligendamm.

Uloženo v:
Série:Rodinný hotel, část 2
Hlavní autor: Grünig, Michaela (Autor)
Další autoři: Lutovská, Pavla (Autor)
Médium: E-kniha
Jazyk:Czech
Vydáno: Praha : Ikar, 2022
Vydání:Vydání první
Témata:
Příbuzné jednotky:Z cyklu:: Rodinný hotel
Tagy:
Žádné tagy
LEADER 02435nam a2200445 i 4500
001 311757
003 CZ PrSKC
005 20260601215711.0
007 ta
008 220817s2022 xr g 000 f cze
015 |a cnb003407535 
020 |a 9788024947938  |q (vázáno) 
035 |a (OCoLC)1347065220 
040 |a ABG001  |b cze  |e rda 
041 1 |a cze  |h ger 
072 7 |a 821.112.2-3  |x Německá próza, německy psaná  |2 Konspekt 
080 |a 821.112.2-31  |2 MRF 
080 |a (0:82-31)  |2 MRF 
100 1 |a Grünig, Michaela  |7 xx0266766  |4 aut 
240 1 0 |a Stürmische Zeiten.  |l Česky 
245 1 0 |a Rodinný hotel.  |p Bouřlivá doba /  |c Michaela Grünigová ; z německého originálu Palais Heiligendamm - Stürmische Zeiten ... přeložila Pavla Lutovská 
246 3 0 |a Bouřlivá doba 
250 |a Vydání první 
264 1 |a Praha :  |b Ikar,  |c 2022 
300 |a 383 stran ;  |c 24 cm 
336 |a text  |b txt  |2 rdacontent 
337 |a bez média  |b n  |2 rdamedia 
338 |a svazek  |b nc  |2 rdacarrier 
520 2 |a Druhý díl rozsáhlé ságy o hoteliérské rodině Kuhlmannových v německých lázních Heiligendamm.  |b Palác Heiligendamm, rok 1922. Během poválečné krize bojuje Elisabeth o přežití nově zrenovovaného hotelu. Teprve když si slavný režisér zvolí hotel za filmovou kulisu, svitne jí naděje na udržení podniku i v těžkých časech. Zatímco profesní úspěch má již nadosah, její vztah k Juliu Falkenhaynovi je stále pod špatnou hvězdou. I její bratr Paul se musel rozloučit se svou láskou. Je do hloubi duše nešťastný. Nový partner ho zavede do sítí nově vzniklé strany NSDAP a jeho rozhodnutí přinese do rodiny hluboký rozkol... Nakladatelská anotace. Kráceno. 
655 7 |a německé romány  |7 fd132945  |2 czenas 
655 9 |a German fiction  |2 eczenas 
700 1 |a Lutovská, Pavla  |7 xx0017948  |4 trl 
765 1 |t Palais Heiligendamm 
787 0 8 |i Z cyklu:  |t Rodinný hotel  |g 2 
900 |a ABA001  |b 21 
928 9 |a Euromedia Group - Ikar 
044 |a xr 
910 |a RBIT002 
998 |d 364050  |a https://core.palmknihy.cz/api/books/364050/cover?rle21r  |b https://core.palmknihy.cz/api/books/364050/cover/400?rle21r  |c https://core.palmknihy.cz/api/books/364050/cover/50?rle21r  |e 2026-08-12  |g 383  |i 9788024947938  |j https://core.palmknihy.cz/api/books/364050/preview.epub  |l   |q 49  |r 1  |s https://www.palmknihy.cz/kniha/364050  |t ebook  |y 2022  |z 0  |v Rodinný hotel  |w 2 
999 |d 311755